000 00579nam a22002417a 4500
003 UA-OsUOA
001 29603
007 ta
008 20041014b un ||||| |||| 00| 0 ukr d
100 _aГрицюта М. С.
090 _a82.09(477)
_bГ85
942 _cBK
040 _aUA-OsUOA
_bukr
_cUA-OsUOA
_dUA-OsUOA
245 _aХудожній світ В. Стефаника
300 _a199 с.
955 _a0
041 _aukr
080 _a82.09(477)
260 _aКиїв
_bНаукова думка
_c1982
044 _aUA
650 7 _2UDC
999 _c315996
_d315996